[Event "New York op"]
[Site "New York"]
[Date "1998.03.16"]
[Round "2"]
[White "Arizmendi Martinez, Julen Luis"]
[Black "Shabalov, Alexander"]
[Result "0-1"]
[WhiteElo "2480"]
[BlackElo "2615"]
[Annotator "Tsesarsky,I"]
[PlyCount "80"]
[EventDate "1998.03.16"]
[EventType "swiss"]
[EventRounds "9"]
[EventCountry "USA"]
[SourceTitle "CBM 064"]
[Source "ChessBase"]
[SourceDate "1998.06.02"]
[SourceVersion "1"]
[SourceVersionDate "1998.06.02"]
[SourceQuality "1"]

1. e4 c5 2. Nf3 Nc6 3. Nc3 g6 4. d4 cxd4 5. Nxd4 Bg7 6. Be3 Nf6 7. Bc4 O-O 8.
Bb3 a5 9. f3 d5 10. Bxd5 Nxd4 $2 $16 (10... Nxd5 $1 11. Nxd5 (11. exd5 $6 Ne5 (
11... Nb4 12. Ndb5 (12. O-O Nxd5 13. Nxd5 Qxd5 $15 {Lemmens,P-Winants,H/Huy op
1993/1/2-1/2 (61)}) 12... Bd7 (12... Bf5 13. Rc1 e6 (13... Rc8 14. O-O Bxc3 15.
Nxc3 Rxc3 16. bxc3 Nxa2 17. Ra1 Nxc3 18. Qd2 Qc7 19. Bd4 Nxd5 20. Rxa5 $14) 14.
d6 (14. Bc5 Bh6 15. Bxf8 Kxf8 16. O-O Nxd5 17. Nxd5 Bxc1 18. Qxc1 Qxd5 $11)
14... Qh4+ (14... Ra6 $11) 15. g3 Qc4 $6 (15... Qh3 $132) 16. g4 $14 (16. Qe2
Qxe2+ 17. Kxe2 Bxc2 $132 {Jurkovic,A-Salamero,P/Zaragoza op-B 1995/1-0 (55)}))
13. a3 (13. Na3 Bf5 14. Bd4 Bxc2 15. Qd2 Bd3 (15... Nd3+ 16. Ke2 Bxd4 17. Nxc2
Bxc3 18. bxc3 Ne5 $17) 16. Bxg7 Kxg7 $17 {Orellana,J-Garcia del Blanco,I/
Wch-stud Leon 1996/1/2-1/2 (73)}) 13... Bxb5 14. axb4 (14. Nxb5 Qxd5 (14...
Nxd5 15. Bd4 Bxd4 (15... e5 16. Bc5 $14) 16. Qxd4 e5 $15) 15. Nd4 Qe5 16. Qe2
Nd5 17. Bf2 Qxe2+ 18. Kxe2 Nf4+ 19. Kf1 Rfd8 $17) 14... Bc4 15. bxa5 Rxa5 16.
Rxa5 Bxc3+ (16... Qxa5 17. Kf2 Rd8 18. Qa1 Bxc3 19. bxc3 Qxd5 20. Qa7 Ba6 $17 {
1/2-1/2 Jurkovic,A-Frois,A/La Coruna op 1993}) 17. bxc3 Qxa5 18. d6 Rd8 19. Kf2
Rxd6 $17 {1/2-1/2 Westerinen,H-Hernandez,R/Alicante op 1989 (41)}) 12. Qe2 Bd7
13. Rd1 a4 14. O-O $14 {Sorokin,M-Dvoirys,S/Kursk 1987/1/2-1/2 (55)}) 11... f5
12. Nxc6 bxc6 13. Nb6 Rb8 14. Qxd8 Rxd8 15. Rd1 Rxd1+ 16. Kxd1 fxe4 17. fxe4
Bxb2 18. Nxc8 Rxc8 19. Ke2 Be5 $13 {1/2-1/2 Ivanchuk,V-Polgar,Z/Monaco Amber
blind 1994 (31)}) 11. Bxd4 a4 (11... e6 $5 12. Bb3 (12. Bc4 Qe7 (12... Nxe4 13.
Bxg7 Qh4+ 14. g3 Nxg3 15. Bf6 $1 (15. Qd4 Qxd4 16. Bxd4 Nxh1 17. Ke2 $16) 15...
Qh6 16. Bg5 Qxg5 17. hxg3 Rd8 18. Bd3 Qxg3+ 19. Ke2 $16) 13. Qe2 $16) 12... a4
13. Nxa4 b5 14. Nc3 b4 15. Ne2 Ba6 16. Bc5 $18 {Mitkov,N-Zigura,O/Ch. Paris
1993/1-0 (46)}) 12. Qd3 $1 $16 (12. a3 $6 $11 Qa5 13. Qd2 (13. O-O $2 Rd8 14.
b4 (14. Qd3 e6 15. Qe3 Ra6 $17 16. Bxf6 Bxf6 17. e5 Be7 $19) 14... axb3 15.
cxb3 e6 16. b4 (16. Na4 Nd7 $1 $17) 16... Qa6 $17) 13... e6 14. Ba2 (14. Bc4
Rd8 15. e5 Ng4 16. f4 Nxe5 17. fxe5 Bxe5 $19) 14... Rd8 15. e5 Ne4 (15... Ng4
$5 16. O-O-O (16. Qf4 Bxe5 (16... Nxe5 17. O-O-O $16) 17. Bxe5 Qxe5+ 18. Qxe5
Nxe5 19. Rd1 Bd7 20. Kf2 Bc6 21. Rhe1 $11) 16... Bh6 (16... Bxe5 17. Ne2 Bxd4
18. Nxd4 Nf6 $14 (18... Qxd2+ 19. Rxd2 Ne3 20. g3 Ra6 21. Re1 Rad6 (21... Nd5
$4 22. Nb5 Kg7 23. Nc7 Ra5 24. Red1 $18 {De Firmian,N-Shabalov,A/Chicago op
1994/1-0 (49)}) 22. Rxe3 Rxd4 23. Rxd4 Rxd4 $11)) 17. f4 Nxe5 18. Ne2 Qxd2+ 19.
Rxd2 Nc6 20. Bf6 Rxd2 21. Kxd2 e5 $1 $132) 16. Qe3 Rxd4 17. Qxd4 Nxc3 18. Qxc3
Qxc3+ 19. bxc3 Bxe5 20. Rd1 Bxc3+ 21. Ke2 b5 22. Rd8+ Kg7 23. Rhd1 Bf6 $14)
12... e6 13. Bc4 a3 (13... Qa5 14. Rd1 Rd8 15. Qe3 Qb4 $1 16. e5 $1 Nd5 (16...
Ne8 17. b3 axb3 18. axb3 Bd7 19. Bc5 $16) 17. Bxd5 exd5 (17... Rxd5 18. a3 Qa5
19. O-O $16) 18. Qc1 (18. b3 axb3 19. axb3 Bf5 20. Qd2 Ra5 21. O-O Rda8 22. f4
$14) (18. Rb1 Bf5 19. a3 Qc4 20. Rc1 b5 $11) 18... a3 19. b3 Re8 20. f4 Bg4 21.
Rd2 $16) 14. b4 (14. b3 $142 Qa5 15. O-O-O Rd8 16. e5 $16) 14... Qc7 15. Nb5
Qc6 16. Qc3 (16. O-O Rd8 17. Qc3 $16) 16... Bd7 (16... e5 $2 17. Bc5 $1 (17.
Bxe5 $2 Nxe4 $1 $17) 17... Rd8 18. Qb3 Rd7 19. Bxf7+ (19. Nxa3 Nxe4 20. fxe4
Qxe4+ 21. Be2 Qxg2 22. Rg1 Qxh2 23. Nc4 (23. c4 e4 24. Rd1 Rxd1+ 25. Kxd1 Be6
$36) 23... e4 24. Nb6 Bxa1 25. Nxa8 Bf6 $132) (19. O-O $1 b6 20. Be3 Ba6 21.
Nxa3 $18) 19... Rxf7 20. Nd6 Qd7 21. Rd1 Ne8 22. Qxf7+ Qxf7 23. Nxf7 Kxf7 24.
Rd8 Bf6 25. Rd3 Be6 $132) 17. Bd3 $1 (17. Rd1 $2 Rfc8 18. Bxf6 (18. Nxa3 Nxe4
19. Qb2 (19. fxe4 Qxe4+ 20. Qe3 Qxe3+ 21. Bxe3 Rxa3 (21... Be8 22. Bb3 Rxa3
$132) 22. Bb3 Bb5 $15) 19... Bxd4 20. Rxd4 Nd6 21. Be2 e5 22. Rd2 Be6 23. O-O
Nf5 24. Kh1 (24. c4 Qa6 25. Nb5 Ne3 26. Nd6 Nxf1 27. Kxf1 Rd8 28. Qxe5 Qa3 $15)
24... Ne3 $44) 18... Qxc4 19. Qxc4 Rxc4 20. Rxd7 Bxf6 21. c3 (21. Rxb7 Rxc2 22.
O-O Rxa2 $17) (21. Rxf7 $2 Bh4+ 22. g3 Rxb4 23. Rxb7 Rb1+ 24. Kd2 Rxh1 25. gxh4
Rxh2+ $17) 21... Bxc3+ 22. Nxc3 Rxc3 23. Ke2 Rc2+ 24. Rd2 Rac8 25. Rb1 $11) (
17. Qb3 Rfc8 (17... Nxe4 18. Bxg7 Kxg7 19. Rd1 Nf6 20. Rd6 Qc8 21. O-O Bxb5 22.
Bxb5 Qc7 23. Rfd1 (23. Qd3 Rfd8 24. Rxd8 Rxd8 25. Qc4 Qe5 $17) 23... Nd5 24.
R6xd5 exd5 25. Rxd5 Rfd8 $17) 18. Bd3 Qa6 {-See later}) 17... e5 $5 (17... Rfc8
18. Qxc6 $1 (18. Qb3 Qa6 19. c4 Bxb5 20. cxb5 Qd6 21. Bc5 Qe5 (21... Rxc5 22.
bxc5 Qxc5 23. Rd1 Qe3+ 24. Kf1 Rd8 25. Bc2 Rxd1+ 26. Bxd1 Qc1 27. g3 $16 (27.
Qc2 Qb2 $14)) 22. O-O Nd7 23. Be3 Rc3 24. Qb1 Rc7 25. b6 Rc6 26. b5 Rd6 27. Qc2
Nxb6 28. f4 Qb2 $132) 18... bxc6 (18... Bxc6 19. c3 $16) 19. Nd6 Nxe4 $1 20.
Bxe4 Bxd4 21. Nxc8 (21. Rd1 Bc3+ 22. Ke2 Rc7 23. Nb5 cxb5 24. Bxa8 Bxb4 $44)
21... Bxa1 22. Nb6 Bc3+ 23. Ke2 Ra7 24. Rd1 f5 25. Rxd7 Rxd7 26. Nxd7 fxe4 27.
fxe4 Bxb4 $16) 18. Be3 $1 (18. Bxe5 Rae8 19. O-O Rxe5 (19... Nxe4 20. Qxc6 bxc6
21. Bxg7 Kxg7 22. Nxa3 $18) 20. Qxe5 Nxe4 (20... Ng4 21. Qd6 Ne3 22. c4 $18)
21. Qxe4 (21. Bxe4 Qb6+ 22. Qc5 Qxc5+ 23. bxc5 Bxb5 24. Rab1 (24. Rad1 Bxf1 25.
Kxf1 Rc8 26. Bxb7 Rxc5 27. Rd8+ Bf8 28. Rd7 Rxc2 29. Bd5 Bc5 30. Rxf7 Kh8 31.
Rc7 Rf2+ 32. Ke1 Bb6 33. Rb7 Rb2 34. g4 $14) 24... Bd4+ (24... Bxf1 25. Kxf1
Rc8 26. Rb5 Bd4 27. Rxb7 Rxc5 28. g3 $16) 25. Rf2 Bc6 26. Bxc6 bxc6 27. Kf1
Bxf2 28. Kxf2 Rd8 29. Ke3 Rd5 30. c4 Rxc5 31. Kd4 Rg5 32. g3 $16) 21... Qb6+
22. Kh1 Bxa1 23. Rxa1 Bxb5 24. Bxb5 Qxb5 25. c3 $14) 18... Qxc3+ 19. Nxc3 Rfc8
(19... Be6 20. Kd2 Rfd8 21. Rhd1 $16) 20. Ne2 $6 (20. Kd2 $16) 20... Nd5 $1 (
20... Be6 21. Kd2 $16) 21. exd5 e4 22. fxe4 (22. Rd1 exd3 23. cxd3 Ba4 24. Rc1
(24. Rd2 Bf8 25. Bc5 Bxc5 26. bxc5 Rxc5 27. Kf2 Rxd5 28. Nc3 $11) 24... Rxc1+
25. Nxc1 (25. Bxc1 Bb3 $1 $17) 25... Rd8 26. Kd2 $14) 22... Bxa1 23. c4 (23.
O-O Be5 24. c4 Ra4 25. Bd2 b6 26. h3 $16) 23... Ra4 24. Bd2 Be5 $6 (24... b6 $5
) 25. O-O $6 (25. c5 $1 $16) 25... b6 26. Rb1 (26. h3 $16) 26... f5 27. exf5 $4
$17 (27. Rc1 Bb2 (27... fxe4 28. Bxe4 Bg4 (28... Bd6 29. Bc2 $1 $16) 29. Bd3
Ra7 (29... Bd6 30. Nd4 Bxb4 31. Bxb4 Rxb4 32. Nc6 Rb2 33. Ne7+ Kf7 34. Nxc8
Bxc8 35. Rc2 Bf5 36. Bxf5 gxf5 37. Rf2 Rb1+ 38. Rf1 Rb2 39. Rxf5+ Kg6 40. Rf2
Rb1+ 41. Rf1 Rb2 42. Ra1 (42. Rd1 Kf7 43. Rd3 Rxa2 44. Rh3 Kf6 45. Re3 Ra1+ 46.
Kf2 a2 47. Ra3 Ke5 $132) 42... Kf6 43. h4 Ke5 44. Kh2 $16) 30. Be3 $16) 28. Rc2
fxe4 29. Bxe4 Ra7 30. d6 Be6 31. Nf4 Bd4+ 32. Kh1 Rf7 33. Bd3 Rcf8 34. g3 Bf5
35. Bxf5 Rxf5 36. Bc3 $16) 27... Bxf5 28. Bxf5 gxf5 29. Rc1 $6 (29. Rf1 $5 Rxc4
30. Rxf5 Bg7 (30... Rc2 31. Bh6 Bg7 32. Rg5 Rxe2 (32... Ra7 33. Nd4 Rxa2 34.
Nf5 Rf7 (34... Rc2 35. Bxg7 Rxg7 36. Rxg7+ Kf8 37. Rxh7 a2 38. Ra7 Rc1+ 39. Kf2
a1=Q 40. Rxa1 Rxa1 41. h4 Rb1 42. d6 Kf7 43. g4 Ke6 (43... Rxb4 44. d7 $18) 44.
h5 Rxb4 45. h6 Rc4 46. Ke3 b5 47. h7 Rc8 48. Ne7 $1 Re8 (48... Rh8 49. Ng6 Rxh7
50. Nf8+ $18) 49. Kd4 (49. Ng8 Kf7+ 50. Kf4 Kg7 51. g5 b4 52. Nf6 Rd8 53. Ke3
Kg6 54. d7 b3 55. Kd2 Rb8 56. Kc1 b2+ 57. Kb1 Kg7 $11) 49... Kf7 50. Kc5 $18) (
34... Rb2 35. Bxg7 Rxg7 36. Rxg7+ Kf8 37. Rxh7 a2 38. Ra7 Rb1+ 39. Kf2 a1=Q 40.
Rxa1 Rxa1 $16) (34... Rc7 35. h4 Re2 36. Bxg7 $18) 35. g4 (35. Bxg7 Rxf5 36.
Rxf5 Kxg7 37. Rf3 Ra1+ 38. Kf2 a2 39. Ra3 Kf6 $17) (35. h4 Rxf5 36. Rxg7+ Kh8
37. Ra7 Ra1+ 38. Kh2 Kg8 39. Rg7+ Kh8 40. Ra7 Kg8 $11) 35... Rc7 36. Rxg7+ Rxg7
37. Bxg7 Rd2 38. d6 a2 39. Bc3 Kf7 40. Bh8 (40. h4 Ke6 41. h5 Rd1+ 42. Kf2 a1=Q
43. Bxa1 Rxa1 44. b5 Ra3 45. Ke2 Kd7 46. g5 Ke6 47. d7 Kxd7 48. g6 hxg6 49.
hxg6 Ke6 50. g7 Kf7 51. Nd6+ Kxg7 52. Nc4 Rb3 53. Nxb6 Rxb5 $11) 40... Kg8 41.
Bc3 Kf7 $11) 33. Rxg7+ Kh8 34. Rb7 Kg8 35. d6 (35. Rg7+ $11) 35... Rxb4 36. h3
Rd4 37. Rg7+ Kh8 38. d7 Rd1+ 39. Kh2 Re6 40. Rf7 Rxh6 41. Rf8+ Kg7 42. d8=Q
Rxd8 43. Rxd8 b5 $11) 31. d6 Ra7 32. Rd5 Rd7 33. Kf1 Rc2 34. Nc1 Be5 $1 35.
Rxe5 (35. Ke2 Rxd6 36. Rxd6 Bxd6 37. Kd3 Rb2 38. g3 Bxb4 $19) 35... Rxd2 $19 (
35... Rxd6 36. Bg5 h6 37. Bf4 Rf6 38. Nd3 Rxa2 39. Re8+ Kf7 40. Ra8 $132))
29... Kf7 30. g3 (30. Kf2 $5 Bd6 31. Nd4 Bxb4 32. Be3 f4 (32... Kf6 33. Ke2 Bc5
34. Kd3 Re8 35. Rf1 Re5 (35... Rxe3+ 36. Kxe3 Rxc4 37. Rxf5+ Kg6 38. Rf4 Rc1
39. Re4 $132) 36. Bg1 (36. g4 b5 37. cxb5 Rxe3+ 38. Kxe3 Rxd4 39. Rxf5+ Ke7 $19
) 36... h5 37. h3 Kg6 38. Nf3 Re4 39. Nd2 $132) 33. Bxf4 Bc5 34. Ke3 $1 (34.
Be3 Bxd4 35. Bxd4 Rcxc4 36. Rxc4 Rxc4 37. Bxb6 Rc2+ $19) 34... b5 35. Be5 Rxc4
36. Rf1+ Ke8 37. Kd3 Bxd4 38. Bxd4 Rc2 $19) 30... Bd6 31. Nd4 Bxb4 32. Bxb4 (
32. Be3 f4 $1 (32... Bc5 33. Nxf5 Kf6 34. Rf1 Ke5 35. Bxc5 Rxc5 36. Ne3 Rb4 $17
) 33. gxf4 Bc5 34. Kf2 Bxd4 35. Bxd4 Rcxc4 36. Rxc4 Rxc4 $19) 32... Rxb4 33.
Nxf5 Kf6 34. Nd6 Rd8 (34... Rf8 35. Nb5 Rb2 36. Nxa3 Rxa2 37. Nb5 Ke7 38. Re1+
Kd7 39. Re6 Rff2 40. Rxb6 Rg2+ 41. Kf1 Rxh2 42. Kg1 Rag2+ 43. Kf1 Rc2 44. Kg1
Rhd2 45. Rd6+ Ke7 46. Re6+ Kf8 47. Rf6+ Kg7 48. Rf4 Rc1+ 49. Rf1 Rxc4 $19) 35.
Nb5 Ra8 36. Rc3 (36. Rf1+ Kg6 (36... Ke5 37. Re1+) 37. Nd6 Rb2 38. Rf2 Ra4 39.
h4 h5 40. Rf5 Rxa2 41. Rg5+ Kf6 42. Rxh5 Ra1+ 43. Kf2 a2 $19) 36... Rb2 37.
Rxa3 (37. Rf3+ Kg6 38. Nxa3 Ra4 39. d6 (39. Rc3 Rxa2 40. Nc2 Rb2 41. Na3 Rd2
42. h3 (42. h4 Kf5 43. Kf1 Kg4 44. Ke1 Rg2 45. d6 Ra8 46. Nc2 Re8+ 47. Re3 Rd8
$19) 42... Kf5 43. Kf1 Ke4 44. Ke1 Rh2 $19) 39... Rxa2 40. d7 Rd2 $19) 37...
Rxa3 38. Nxa3 Ke5 39. Nb5 Rxa2 40. h3 Rc2 (40... Rc2 41. d6 Rxc4 42. d7 Rc1+
43. Kf2 Rd1 44. Na3 Rxd7 45. Nc4+ Kd4 46. Nxb6 Rb7 47. Nc8 Kc5 $19) 0-1

[Event "Dresden zt 1.2"]
[Site "Dresden"]
[Date "1998.05.09"]
[Round "11"]
[White "Smirin, Ilia"]
[Black "Lutz, Christopher"]
[Result "1/2-1/2"]
[WhiteElo "2590"]
[BlackElo "2595"]
[Annotator "Tsesarsky,I"]
[PlyCount "83"]
[EventDate "1998.04.28"]
[EventType "swiss"]
[EventRounds "11"]
[EventCountry "GER"]
[SourceTitle "CBM 065"]
[Source "ChessBase"]
[SourceDate "1998.08.06"]
[SourceVersion "1"]
[SourceVersionDate "1998.08.06"]
[SourceQuality "1"]

1. e4 c5 2. Nc3 Nc6 3. Nge2 g6 4. d4 cxd4 5. Nxd4 Bg7 6. Be3 Nf6 7. Bc4 Qa5 8.
O-O O-O 9. Bb3 d6 10. h3 Bd7 11. f4 Nxd4 12. Bxd4 Bc6 13. Qd3 Rad8 14. Rad1 Nd7
(14... e6 15. f5 gxf5 16. exf5 e5 $8 17. Be3 d5 18. Bg5 d4 (18... Qb6+ 19. Kh1
d4 20. Bxf6 Bxf6 21. Ne4 $14) 19. Bxf6 Bxf6 20. Ne4 Bxe4 21. Qxe4 $14 {1-0
Bauer,C-Adrian,C/ch-FRA, Auxerre 1996 (50)}) (14... e5 15. Be3 exf4 16. Bxf4
Nh5 17. Bc1 Bxc3 18. bxc3 Qc5+ (18... Rd7 $11) 19. Be3 Qe5 20. Bh6 Ng3 $1 21.
Bxf8 Qc5+ 22. Qd4 (22. Rf2 Nxe4 23. Bxf7+ Kxf8 24. Rdf1 Nxf2 25. Rxf2 Kg7 $11)
22... Ne2+ 23. Kh2 Nxd4 24. cxd4 Qb6 25. Be7 (25. Rxf7 Qxb3 26. axb3 Kxf7 27.
Rf1+ Kg8 28. Be7 Rd7 $11) 25... d5 26. Bxd8 Qxd8 27. e5 $14 {1-0
Zederman-Kagan,S/Netanya 1975 (40)}) (14... b5 15. a3 (15. f5 b4 16. Nd5 Nxd5
17. Bxg7 Kxg7 18. Bxd5 $14) 15... b4 16. axb4 Qxb4 17. e5 dxe5 18. fxe5 Nd5 19.
Ne4 (19. Bxa7 Nxc3 20. Bxf7+ Kh8 21. Qxd8 Nxd1 22. Qxd1 Qb7 23. Bd4 Bxg2 24.
Rf2 Bxh3 25. e6 Qe4 26. Bxg7+ Kxg7 27. Qe2 $132) 19... Nf4 20. Rxf4 Bxe5 21.
Bxe5 Rxd3 22. Rxd3 $18 {1-0 Short,N-Hellers,F/Wijk 1986 (29)} Bxe4 23. Bxf7+
Rxf7 24. Rd8+ Rf8 25. Rdxf8#) 15. Bxg7 (15. Nd5 Bxd4+ (15... Bxd5 16. exd5
Bxd4+ 17. Qxd4 f5 18. Rfe1 Rf7 19. Re3 $14 {1/2-1/2 Brkljaca,A-Barle,J/Zagreb
YUG ch 1977 (34)}) 16. Qxd4 Bxd5 17. Bxd5 e6 18. Bb3 Nc5 19. f5 Nxb3 20. axb3
Qc5 21. Qxc5 dxc5 22. fxe6 fxe6 23. Rxf8+ Rxf8 24. Rd6 b6 25. Rxe6 Rd8 26. Re7
(26. Rf6 Re8 (26... Rd2 27. Rf2 $16) (26... Rd1+ 27. Rf1 Rd4 28. Rf4 Rd1+ 29.
Kf2 Rd2+ 30. Ke3 Rxc2 31. e5 Rxb2 32. e6 Rxb3+ 33. Kd2 Rb2+ 34. Ke1 Rb3 35. Kd2
$11) 27. Rf4) 26... Rd2 27. Rxa7 Rxc2 28. Rb7 Rxb2 29. Rxb6 c4 30. b4 c3 {
1/2-1/2 Klundt,K-Schlick,V/BL 1986}) 15... Kxg7 16. Qd4+ (16. Nd5 e6 (16...
Bxd5 17. exd5 Qc5+ 18. Kh1 b5 19. Rfe1 Rfe8 20. Re3 Nb6 21. Qe2 a5 22. Rc3 Qb4
23. Qe3 (23. a3 Qxf4 24. Rf1 Qe5 25. Qxb5 (25. Qf2 Nd7 26. Qxf7+ Kh8 $11) 25...
Nd7 26. Qxa5 Nf6 27. Qa7 Ne4 28. Rcf3 Ng3+ 29. Rxg3 Qxg3 30. Ba4 Ra8 31. Qd4+
Qe5 32. Qxe5+ dxe5 33. Bxe8 Rxe8 34. c4 $18) 23... a4 24. Qxb6 axb3 25. Rxb3
Qxf4 26. Qxb5 $16 {Kindermann,S-Kurz,A/BL 1989/1-0 (54)}) 17. Qd4+ e5 18. Qd3 (
18. fxe5 dxe5 19. Qd3 Nc5 20. Qe3 Nxb3 21. Qxb3 (21. axb3 Bxd5 22. exd5 Rxd5
23. b4 Qb5 24. Rxd5 Qxd5 25. Qxa7 Rd8 $15) 21... Qc5+ 22. Kh1 b5 $11 {1/2-1/2
Matanovic,A-Tal,M/Palma de Mallorca 1966 (31)}) 18... exf4 (18... Nc5 19. Qe3
Nxb3 20. Qxb3 Qc5+ 21. Rf2 exf4 22. c4 a5 23. Qc3+ f6 24. Nxf4 Rde8 25. Nd5
Rxe4 (25... Re5 26. Rd4 Bxd5 27. Rxd5 $11 {Krylov,S-Dobierzin/Wch-06 Blind
1986/0-1 (53)}) 26. Nxf6 Re5 27. Ng4 h5 $19) 19. Nxf4 Qc5+ 20. Kh1 Bb5 21. c4
Ne5 22. Qg3 Bc6 (22... Bxc4 23. Rc1 b5 $11 (23... Qd4 24. Rfd1 Qxe4 25. Bc2 Qc6
26. b3 $16)) 23. Nh5+ Kh8 24. Nf6 Nd7 25. Rxd6 $16 (25. Nd5 Kg7 26. a3 a5 27.
Rf5 $132 {1-0 Berlinsky,V-Dobierzin/Wch-06 Blind 1986 (39)})) (16. Kh1 Nc5 17.
Qd4+ e5 18. Qe3 (18. fxe5 Nxb3 19. axb3 dxe5 20. Qf2 f5 21. b4 Qc7 (21... Qxb4
22. Rxd8 Rxd8 23. exf5 $14 {Martin Gonzalez,A-Bellon Lopez,J/Olot 1974/0-1 (58)
}) 22. Rxd8 Qxd8 23. Qxa7 Qd4 24. Qa5 b6 $11 (24... Bxe4 $2 25. Rd1 $18 {
1-0 Hector,J-Diekmann,J/Hamburg Wichern-op 1995 (29)})) 18... Nxb3 19. axb3
exf4 20. Rxf4 f6 (20... Qe5 21. Rdf1 a6 22. Rh4 Kg8 23. Qh6 {1/2-1/2 Ciric,
D-Gheorghiu,F/Wijk aan Zee 1968}) 21. b4 Qb6 22. Qxb6 axb6 23. b5 Be8 24. Rf2
$14 {1-0 Ciric,D-Ree,H/Amsterdam IBM 1967 (37)}) (16. f5 Qe5 (16... Ne5 17. Qe3
$14) 17. Bd5 Nc5 18. Qf3 Nd7 19. Qe3 a6 20. Rde1 Rc8 21. Rf2 {/\ g4, ->} e6 22.
Qd2 $1 $14 {Seeliger-Bieluczyk,B/corr EU-13ch 1980/1-0 (54)}) 16... Nf6 (16...
Kg8 17. Kh2 (17. Nd5 Bxd5 18. Bxd5 Qc5 19. b4 Qxd4+ 20. Rxd4 Rc8 21. Bxb7 Rxc2
22. a4 Rb8 23. Bd5 Nf6 24. Bc4 Kg7 25. Ba6 Rb2 26. b5 Ra2 27. Rc1 Nh5 28. Rc7
Nxf4 $19 {1/2-1/2 Zuidema,C-Ree,H/Amsterdam IBM 1968 (47)}) 17... Qc5 18. Qd2
b5 19. Nd5 Bxd5 20. exd5 Nf6 21. f5 Rd7 22. a3 Rb7 23. Qh6 a5 24. c3 b4 25.
axb4 axb4 26. c4 $14 {1-0 Yilmaz-Tangborn/Budapest, SW 1992 (47)}) 17. Kh2 (17.
Nd5 Rfe8 (17... Bxd5 18. Bxd5 Qc5 19. Bb3 (19. Qxc5 dxc5 20. Bxb7 Rb8 21. e5
Rxb7 22. exf6+ Kxf6 23. b3 c4 $11) 19... Rc8 20. e5 dxe5 21. fxe5 Nd7 22. e6+
Qxd4+ 23. Rxd4 Nc5 24. Rxf7+ Rxf7 25. exf7 Nxb3 26. cxb3 Kxf7 27. Rd7 b5 28.
Rxa7 Rc2 $11) 18. Nxf6 exf6 19. Rfe1 $14) 17... e5 (17... Qc5 18. Qd3 (18. Qxc5
dxc5 19. e5 Ne4 20. Nxe4 Bxe4 $11) 18... Rd7 $11) 18. fxe5 Qxe5+ 19. Kg1 (19.
Qxe5 dxe5 20. Bd5 Nxd5 (20... Rd6 21. Bxc6 Rxc6 22. Rd3 $11) 21. exd5 Bd7 22.
Rf2 f5 $15) 19... a6 20. Rd3 Rd7 21. Rfd1 Rfd8 22. a3 h5 23. R3d2 (23. Bd5)
23... h4 24. Rd3 Re8 25. Bd5 Qxd4+ 26. Rxd4 Bxd5 27. exd5 g5 28. a4 (28. Kf2
Kg6 29. Re1 Rxe1 30. Kxe1 Re7+ 31. Kd2 Re5 $15) 28... Re5 29. a5 Kg6 30. Na4
Rc7 (30... Rde7 $15) 31. c4 Ne4 32. Re1 (32. Nb6 f5 $15) 32... f5 33. b4 Kf6
34. Nb6 Ree7 (34... Rce7 35. Rdd1 (35. c5 $4 Nxc5 $1 $19) 35... Nc3 36. Rxe5
Kxe5 37. Re1+ Ne4 38. c5 (38. Kh2 Kd4 39. c5 dxc5 40. d6 Re8 41. d7 Rd8 (41...
Rf8 42. d8=Q+ $18) 42. Rc1 f4 (42... Nc3 43. bxc5 g4 44. hxg4 (44. Rf1 g3+ 45.
Kg1 Ne2+ 46. Kh1 f4 47. Re1 Ke3 48. Ra1 Kf2 49. Ra3 Nd4 50. Ra2+ Ne2 $11) 44...
fxg4 45. Rf1 Kxc5 46. Re1 Kd6 47. Re3 Nb5 48. Re4 Na7 49. Rd4+ Kc5 50. Rxg4 Nc6
51. Rg5+ Kb4 52. Kh3 Nxa5 53. Kxh4 Nc6 54. g4 a5 $132) 43. bxc5 Nxc5 (43... Nc3
44. Re1 Ne4 45. Kg1 $16) 44. Rc4+) 38... Rf7 $15) 35. c5 Kf7 36. Rdd1 Ke8 37.
Nc4 Rcd7 38. Ne3 (38. c6 $1 Rc7 (38... bxc6 39. dxc6 Rc7 (39... Rd8 40. Ne3 $16
) 40. Ne3 Rxc6 41. Nxf5 $18) (38... Rd8 39. b5 (39. Ne3 Ng3 40. cxb7 Kf7 41. b5
Rxb7 42. b6 Rc8 43. Nf1 Rc5 44. Nd2 Rb8 $17) 39... bxc6 (39... axb5 40. Ne3 Ng3
41. cxb7 Rxb7 42. Nxf5+ Kd7 (42... Kf7 43. Re6 Nxf5 44. Rf1 Kf8 45. Rxf5+ Rf7
46. Rxg5 Ra8 47. Rh5 Rxa5 48. Rxh4 $18) 43. a6 Nxf5 44. axb7 Rb8 45. Re4 Rxb7
46. Rb4 $16) 40. bxc6 $16) 39. Rxe4 fxe4 40. Nxd6+ Kd8 41. b5 $1 axb5 42. Nxb5
bxc6 43. dxc6+ Kc8 44. Nxc7 Rxc7 (44... Kxc7 45. Rd7+ Rxd7 46. cxd7 Kxd7 47.
Kf2 $18) 45. Rd6 Ra7 46. Rd5 Ra6 47. Rxg5 Rxc6 48. Kf2 $18) 38... dxc5 (38...
Ng3 $1 39. c6 Rc7 40. Nc4 bxc6 41. Nxd6+ Kd7 42. Ne8 $1 Ra7 $1 (42... Rxe8 43.
dxc6+ $18) (42... Kxe8 43. d6 Rxe1+ 44. Rxe1+ Kd7 45. dxc7 Ne4 46. Rf1 Ng3 47.
Rd1+ Kxc7 48. Kf2 $16) 43. Nf6+ Kd6 44. dxc6+ (44. Ne8+ Kd7 45. Nf6+ $11) 44...
Kxc6 $11) 39. Nxf5 Re5 40. bxc5 (40. g4 Kf7 (40... Kd8 41. bxc5 Re8 42. c6 bxc6
43. Rb1 Kc7 44. dxc6 $16)) 40... Rxf5 41. Rxe4+ Kd8 42. Red4 1/2-1/2

[Event "Escaldes zt"]
[Site "Escaldes"]
[Date "1998.11.10"]
[Round "5"]
[White "De la Riva Aguado, Oscar"]
[Black "Lautier, Joel"]
[Result "0-1"]
[WhiteElo "2510"]
[BlackElo "2625"]
[Annotator "Tsesarsky,I"]
[PlyCount "84"]
[EventDate "1998.11.06"]
[EventType "swiss"]
[EventRounds "9"]
[EventCountry "AND"]
[SourceTitle "CBM 068"]
[Source "ChessBase"]
[SourceDate "1999.02.01"]
[SourceVersion "1"]
[SourceVersionDate "1999.02.01"]
[SourceQuality "1"]

{[%mdl 896]} 1. e4 {King} c5 2. Nf3 Nc6 3. Nc3 g6 4. d4 cxd4 5. Nxd4 Bg7 6. Be3
Nf6 7. Bc4 Qa5 8. O-O O-O 9. Bb3 d6 10. h3 Bd7 11. f4 Rac8 12. Nf3 Rfd8 13. Qe1
(13. Qe2 $6 Be8 14. Rad1 Nd7 15. Bd2 Qh5 $132 (15... Qb6+ 16. Kh1 e6 17. f5 $1
$16 {1-0 Bangiev,A-Loew,G/Bremen GER 1998 (35)})) 13... Be8 {King: 'A curious
position for the bishop, but it plays a key role defending the pawn on f7.'}
14. Rd1 (14. f5 {King is more direct. White's attack is terribly powerful:} b5
15. fxg6 hxg6 16. Qh4 $1 Ne5 17. Ng5 Nc4 18. Nd5 Nxe3 19. Nxe7+ Kf8 20. Nxg6+
fxg6 21. Rxf6+ Ke7 22. Rf2 b4 23. Ne6+ g5 24. Qh7 Qe5 25. Nxg7 {1-0 Zaitsev,
I-Dietze,W/Rubinstein mem 1970}) 14... e6 (14... Nd7 15. Qh4 Nc5 16. f5 Nxb3 (
16... gxf5 17. exf5 Nxb3 18. axb3 Qxf5 19. Nd4 Qe5 (19... Qg6 20. Nd5 Bxd4 21.
Rxd4 Bd7 22. Rf3 Kh8 23. Rg3 $18) 20. Nf5 e6 21. Nh6+ Bxh6 22. Bxh6 $16) 17.
axb3 Bxc3 18. fxg6 fxg6 19. Ng5 h5 20. bxc3 Qxc3 21. Rd3 $16 {Vujakovic-Maric/
YUG [Schwarz,R] SE 1967 (21)}) 15. f5 $6 (15. Ng5 $1 Rc7 (15... h6 16. Nxe6
fxe6 17. Bxe6+ Bf7 18. Bxc8 Rxc8 19. Rxd6 $16 {Zuckerman-Toran,R/Malaga 
[Schwarz,R] S 1968 (22)}) 16. Qh4 $1 (16. Bxe6 $2 h6 (16... fxe6 17. Nxe6 Ra8
18. Nxc7 Qxc7 19. Qh4 $16) 17. Bb3 hxg5 18. fxg5 Nh7 19. Rd5 (19. h4 Bxc3 20.
bxc3 Ne5 21. Bd4 Re7 $17) 19... Qa6 20. Nb5 Rcd7 21. Nxa7 (21. c3 Ne7 $19)
21... Ra8 22. Nxc6 bxc6 23. Rd3 Bxb2 $17) 16... h6 17. Nf3 {[%csl Rh6][%cal
Gf1f7]} d5 18. e5 Nd7 19. Nd4 $14) 15... exf5 16. Qh4 Rd7 (16... fxe4 17. Ng5
h6 18. Ngxe4 Nxe4 19. Nxe4 g5 20. Qf2 Qe5 21. Bxf7+ Bxf7 22. Qxf7+ Kh8 23. Bxg5
(23. Qd5 $6 Qxd5 24. Rxd5 Nb4 25. Rd2 Rxc2 26. Nxd6 (26. Rxc2 Nxc2 27. Bxa7 Ra8
$17) 26... Rxd2 27. Bxd2 Bd4+ 28. Kh1 Rxd6 29. Bxb4 Rc6 $15) 23... Qxe4 24.
Bxd8 Rxd8 25. c3 $132) 17. Bh6 ({It is tempting to play} 17. exf5 {King} Qxf5
18. Ng5 {but after} Qe5 {I don't see a way through for White.}) 17... Ne7 18.
Ng5 (18. Nd4 $5 {King}) 18... Qe5 (18... Bh8 $5 $44) 19. Rde1 Nh5 (19... Bxh6
20. Qxh6 $44) 20. Bxg7 Kxg7 21. exf5 Nxf5 (21... Qc5+ 22. Qf2 Nxf5 23. Qxc5
dxc5 24. g4 h6 25. Nge4 Nfg3 26. Nxg3 (26. gxh5 Nxf1 27. Kxf1 c4 28. Ba4 Rd4
29. hxg6 $14) 26... Nxg3 27. Rf3 $18) 22. Rxe5 (22. Qf2 {King} Qg3 23. Nge4
Qxf2+ 24. Rxf2 {gives White a little more for the pawn than in the game.})
22... Nxh4 23. Re4 h6 24. Bxf7 $2 $15 (24. Rxh4 hxg5 25. Rd4 Nf4 (25... Ng3 26.
Re1 Nf5 27. Rd3 Rcd8 (27... a5 28. g4 Re7 29. Kf2 Rxe1 30. Kxe1 Ne7 (30... a4
31. Nxa4 Bxa4 32. Bxa4 $16) 31. Rxd6 Bc6 $11) 28. Nd5 Rb8 (28... Kf8 29. Kf2
$44) 29. g4 Nh4 30. Kf2 f5 31. gxf5 gxf5 32. Rg1 Kh6 33. Nf6 Rg7 34. Rxd6 Bg6
35. Rgd1 $132) 26. Re1 f5 (26... Rdd8 27. h4 Ne6 28. Bxe6 fxe6 29. Rxe6 gxh4
30. Rxh4 $14) 27. Nb5 Kf8 28. Nxa7 Ra8 29. Nb5 Re7 30. Rxe7 Kxe7 31. Nc3 Bc6
$132) 24... Bxf7 25. Rxf7+ Rxf7 26. Nxf7 Nf5 27. g4 (27. Rb4 Kxf7 28. g4 b6 29.
gxf5 gxf5 $17) 27... Kxf7 28. gxf5 $2 $17 (28. gxh5 gxh5 29. Kf2 $15) 28...
gxf5 29. Rh4 (29. Ra4 a6 30. Rh4 Kg6 31. Rb4 b5 32. Rd4 (32. a4 Rc4 $17) 32...
Rc6 33. Kg2 $17) 29... Kg6 30. Rd4 Rc6 31. Kf2 Nf6 32. Ke3 Kf7 33. Kd3 Nd7 34.
Ke3 Ne5 35. Rb4 b6 36. a4 Kg6 37. Kd2 $6 $19 (37. Kf4 Kf6 38. Rd4 $17) 37...
Rc4 $1 38. Rb5 Rh4 39. b3 Rxh3 40. Ne2 Rh4 41. Rd5 Nf7 42. Nd4 f4 0-1